000 00721nam a2200277Ia 4500
005 20250425162223.0
008 250425s9999 xx 000 0 und d
020 _a9789706863720
041 _aspa
043 _amx
082 _a658.403
100 _aANDERSON, DAVID R.
245 0 _aMETODOS CUANTITATIVOS PARA LOS NEGOCIOS
250 _a9A ED.
260 _aMEXICO
260 _aMéxico
_bCENGAGE LEARNING
_c2004
300 _a822
500 _aTítulo Traducido: METHODS FOR BUSINESS
650 _aMETODOS CUANTITATIVOS
650 _aNEGOCIOS
650 _aSOLUCION DE PROBLEMAS
650 _aTOMA DE DECISIONES
700 _aJORGE ALBERTO VELASQUEZ
_etraductor
942 _c01
010 _a57754
999 _c224791
_d224791